000 00988cab a22002295a 4500
001 L143361
008 080429e20080425xxko f 000 0 eng d
035 _a(Sirsi) u143361
041 0 _aeng
100 1 _aRawlinson, Simon
245 0 0 _aCost model
_bschools
260 _c2008
490 _aBuilding
_v273(8526) 25 April 2008, 90-96(7)
520 _aLooks at cost, design and delivery issues relating to the Building Schools for the Future (BSF) programme. Provides an overview of BSF and discusses affordability issues, how building design can help deliver transformational learning, and key design issues for clients and providers. The cost model is based on a generic 1 250 pupil secondary school of 11 000m2 gifa built to a typical BSF specification.
590 _aKA
650 2 4 _aDFES BUILDING SCHOOLS FOR THE FUTURE
651 4 _aUnited Kingdom
_y
690 _aBUILT ENVIRONMENT-BUILDING COSTS
700 1 _aLong, David
710 2 _aDavis Langdon
_94649
942 _n0
999 _c80153
_d80153